Испарение капель водного раствора NaCl на твердой подложке; Интеллектуальные энергосистемы; Т. 1

Opis bibliograficzny
Parent link:Интеллектуальные энергосистемы: труды I Международного молодёжного форума, 21-25 октября 2013 г., г. Томск/ Национальный исследовательский Томский политехнический университет (ТПУ).— , 2013
Т. 1.— 2013.— [с. 259-263]
1. autor: Орлова Е. Г. Евгения Георгиевна
Korporacja: Национальный исследовательский Томский политехнический университет (ТПУ) Энергетический институт (ЭНИН) Кафедра теоретической и промышленной теплотехники (ТПТ)
Kolejni autorzy: Феоктистов Д. В. Дмитрий Владимирович (научный руководитель)
Streszczenie:Заглавие с титульного экрана
Język:rosyjski
Wydane: 2013
Seria:Теплофизика и теплотехника
Hasła przedmiotowe:
Dostęp online:http://www.lib.tpu.ru/fulltext/c/2013/C43/V1/067.pdf
Format: Elektroniczne Rozdział
KOHA link:https://koha.lib.tpu.ru/cgi-bin/koha/opac-detail.pl?biblionumber=603550

MARC

LEADER 00000naa2a2200000 4500
001 603550
005 20260210093454.0
035 |a (RuTPU)RU\TPU\conf\745 
035 |a RU\TPU\conf\744 
090 |a 603550 
100 |a 20140123d2013 k y0rusy50 ca 
101 0 |a rus 
102 |a RU 
135 |a drnn ---uucaa 
181 0 |a i  
182 0 |a b 
200 1 |a Испарение капель водного раствора NaCl на твердой подложке  |f Е. Г. Орлова  |g науч. рук. Д. В. Феоктистов 
203 |a Текст  |c электронный 
225 1 |a Теплофизика и теплотехника 
300 |a Заглавие с титульного экрана 
320 |a [Библиогр.: с. 263 (3 назв.)] 
337 |a Adobe Reader 
461 1 |0 (RuTPU)RU\TPU\conf\68  |t Интеллектуальные энергосистемы  |o труды I Международного молодёжного форума, 21-25 октября 2013 г., г. Томск  |o в 2 т.  |f Национальный исследовательский Томский политехнический университет (ТПУ)  |d 2013 
463 1 |0 (RuTPU)RU\TPU\conf\69  |t Т. 1  |v [с. 259-263]  |d 2013 
610 1 |a труды учёных ТПУ 
610 1 |a электронный ресурс 
610 1 |a капли 
610 1 |a испарение капель 
610 1 |a водные растворы 
610 1 |a NaCl 
610 1 |a твердые подложки 
610 1 |a подложки 
700 1 |a Орлова  |b Е. Г.  |c специалист в области теплотехники  |c доцент Томского политехнического университета, кандидат физико-математических наук  |f 1991-  |g Евгения Георгиевна  |3 (RuTPU)RU\TPU\pers\32839  |9 16696 
702 1 |a Феоктистов  |b Д. В.  |c специалист в области тепломассопереноса  |c аспирант, ассистент Томского политехнического университета  |f 1983-  |g Дмитрий Владимирович  |4 727 
712 0 2 |a Национальный исследовательский Томский политехнический университет (ТПУ)  |b Энергетический институт (ЭНИН)  |b Кафедра теоретической и промышленной теплотехники (ТПТ)  |3 (RuTPU)RU\TPU\col\18679 
801 2 |a RU  |b 63413507  |c 20200325  |g RCR 
856 4 |u http://www.lib.tpu.ru/fulltext/c/2013/C43/V1/067.pdf 
942 |c CF